000 00442nam a2200193Ia 4500
005 20240823052325.0
008 240823s9999||||xx |||||||||||||| ||und||
020 _a978-81-8052-198-0
041 _aENGLISH
082 _A547.056 P9
100 _aSodhi G S
245 0 _aOrganometallic Chemistry
250 _a1st
260 _c2009
_bAne Books Pv
500 _aYES
650 _aChemistry
_bChemistry
942 _cBK
999 _c221602
_d221602